000
00204nam a2200097 4500
999
_c
530813
_d
530813
040
_c
DLC
082
_a
891.4393
_b
ASH
100
_a
Ashfaq Ahmed
_9
651
245
_a
Ashfaq Ahmed ka Zaviya
942
_2
ddc
_c
BK